00610nam a22002177a 450000500170000001000130001702000220003003500130005203700160006504000120008108200130009310000260010624500970013226000360022927000130026530000230027865000260030170000230032770000180035070000240036820170124105915.0 aA-255108 c00.00a0060101547 aA-255108 bCen Lib/Ret aDPLbEN a483bBAR aBarnhart, Clarence L. aSecond barnhart dictionary /cby Clarence L. Barnhart, Sol Steimetz [and] Robert K. Barnhart aNew York bBrnhart Books c1980 bNew York axv,520p.c22cm(Hb) aEnglish vDictionary  aBarnhart, Clarence aSteinmetz Sol abarnhart, Robert K.